zpět

Detail výsledku týmu

Pivní burza Jánská, Brno

Datum a čas kvízu

27 Celkem bodů Celkový počet nahraných bodů na tomto kvízu bez doplňovacích otázek.
7. Pořadí na kvízu Konečné umístění týmu na tomto kvízu.

Zaznamenané odpovědi

# Otázka Odpověď Body Výsledky
1. Ze známého léku proti nepříjem... 1
2. Neobvyklý trest dostal starost... 0
3. Tento hvězdný pár už spolu asi... 1
4. Mezinárodní veletrh motocyklů,... 1
5. Hráč Paris St. Germain si v ne... 1
6. Které z těchto děl Karla Čapka... 1
7. Tento obraz Františka Kupky se... 0
8. Toto dílo by bylo zbytečné pře... 0
9. Která osobnost televizní zábav... 1
10. Přiřaďte filmy Miloše Formana... 0